000 02232cam a22005294i 4500
003 PE-LiUPU
005 20250731180155.0
008 150616s r 000 0 d
020 _a9701000900
035 _a(Sirsi) i9789701000908
040 _aPE-LiUPU
_bspa
_cPE-LiUPU
_erda
049 _aPRUA
082 0 4 _a512.5
_bG831993
_221
100 1 _aGrossman, Stanley I.,
_eautor.
245 1 0 _aAplicaciones de álgebra lineal /
_cStanley I. Grossman ; traducción Carlos Manuel Sánchez Trujillo, Fernando Vera Vadillo.
264 1 _aDelegación Iztapalapa, México :
_bFuentes Impresores,
_c1993.
300 _a178 páginas :
_bilustraciones (gráficos) ;
_c24 centímetros
336 _atext
_2rdacontent
337 _aunmediated
_2rdamedia
338 _avolume
_2rdacarrier
500 _aVectores - Análisis
_bvéase
_cALGEBRA LINEAL
_bA;GEBRA LINEAL - PROBLEMAS, EJERCICIOS, ETC.
505 0 _aProgramación lineal.- Conjuntos convexos y desigualdades lineales.- Variables de holgura.- Caadenas de Markov y teoría de juegos.- Juegos de dos participantes: estrategias puras.- Juegos de dos participantes: estrategias mixtas.- Juegos matriciales y programación lineal.- Cadenas de Markov.- Cadenas de Markov absorbentes.- Dos aplicaciones de cadenas de Markov: Teoría de colas y un modelo en psicología.- Respuesta de los problemas con número impar.
526 _aSEG44
526 _aSEG26
526 _aP159
526 _aP155
526 _aP154
526 _aP153
526 _aP150
526 _aP100
526 _aP31
526 _aP30
526 _aP26
526 _aP25
526 _aP24
526 _aP22
526 _aP15
526 _aP10
650 1 4 _aAlgebra lineal.
910 _ajck
_bjvq
_cjck
942 _2ddc
_cBOOK
949 _a512.5 G83 1993
_wDEWEY
_c1
_i41418
_lCCODEBUL1
_mBUL
_r0
_sY
_tBOOK
_u2015-6-16
_xINGENIERIA
_zUNKNOWN
_0COMPRA
_o.STAFF. Colección General
994 _aC0
_bPEPRU
596 _a1
999 _a512.5 G83 1993
_wDEWEY
_c59086
_i41418
_e2017-6-15
_f2021-11-9
_g7
_lCCODEBUL1
_mBUL
_n2
_r0
_sY
_tBOOK
_u2015-6-16
_xINGENIERIA
_zUNKNOWN
_0COMPRA
_o.STAFF. Colección General
_d59086
980 _81
_gALBERTO SANCHEZ Responsable de Automatización